00269nam a2200097Ia 4500008004100000082001900041100001600060245004000076260004400116300001100160210430s9999 xx 000 0 und d a355.825C8831 A aDr.N Davies aAmmunition TechonologycDr.N Davies aCranfield universitybDr.N Daviesc2001 a15-20p